000 006070000a22002170004500
003 LK-CoMWRAF
005 20231030111337.0
008 230817t1991 ||||| |||| 00| 0 eng d
020 _a0099861909
040 _aLK-CoMWRAF
_dLK-CoMWRAF
_eLK-CoMWRAF
041 _aeng
082 _a305.42
_bWOL
100 _aWolf, Naomi
245 _aThe Beauty Myth:
_bHow Images of Beauty are used against Women
260 _aLondon:
_bVintage,
_c1991
300 _a348 p. ; 25 cm
_bBibliography and index included
650 _aFEMININE BEAUTY(AESTHETICS)
650 _aFemininity
650 _aSex role
942 _cBK
999 _c258
_d258